La filosofía contemporánea
Salvato in:
| Autore principale: | |
|---|---|
| Natura: | Libro |
| Lingua: | spagnolo |
| Pubblicazione: |
Buenos Aires
EUDEBA
1974
|
| Edizione: | 4a. ed |
| Serie: | Eudeba. Lectores, 9
|
| Soggetti: | |
| Tags: |
Aggiungi Tag
Nessun Tag, puoi essere il primo ad aggiungerne!!
|
MARC
| LEADER | 00000nam a2200000 a 4500 | ||
|---|---|---|---|
| 001 | UCW5254 | ||
| 003 | CL-VaPUC | ||
| 008 | 910314e19740000AG |||||||||||||||||spa|d | ||
| 082 | 0 | 4 | |a 190 |b PAC |2 21 |
| 100 | |a Paci, Enzo |e autor |9 621953 | ||
| 245 | 1 | 3 | |a La filosofía contemporánea |
| 250 | |a 4a. ed | ||
| 300 | |a 293 p | ||
| 942 | |c BK | ||
| 945 | |d 19910314 00:00:00 | ||
| 260 | |a Buenos Aires |b EUDEBA |c 1974 | ||
| 650 | 0 | |a Filosofía moderna |9 258121 | |
| 583 | |a last modification |c 19910314 00:00:00 |k Rodrigo Vera | ||
| 490 | 0 | |a Eudeba. Lectores, 9 | |
| 999 | |c 218731 |d 218729 | ||
| 952 | |0 0 |1 0 |4 0 |6 190_000000000000000_PAC_1974 |7 0 |8 A |9 208776 |a BIBEDU |b BIBEDU |d 2019-11-15 |i 2765985 |o 190 PAC 1974 |p 2765985 |r 2019-11-15 |w 2019-11-15 |y BK |k EDU | ||
| 952 | |0 0 |1 0 |4 0 |6 190_000000000000000_PAC_1974 |7 0 |8 A |9 208777 |a BIBHIS |b BIBHIS |d 2019-11-15 |i 2765993 |o 190 PAC 1974 |p 2765993 |r 2025-01-20 |w 2019-11-15 |y BK |k HIS | ||
| 952 | |0 0 |1 0 |4 0 |6 190_000000000000000_PAC_1974 |7 0 |8 A |9 208778 |a BIBEDU |b BIBEDU |d 2019-11-15 |i 3129748 |o 190 PAC 1974 |p 3129748 |r 2019-11-15 |w 2019-11-15 |y BK |k FIL | ||